Loading...
Religion | 0 | 6 | 0 | 1 | 60 | 81 | 118.17 | 0 | 0 |
Science - Other Science | 0 | 4 | 0 | 0 | 40 | 13 | 59.00 | 1 | 2 |
History - World History | 0 | 4 | 2 | 0 | 30 | 55 | 93.75 | 1 | 2 |
Literature - World Literature | 0 | 3 | 0 | 0 | 30 | 87 | 121.33 | 0 | 1 |
Science - Physics | 0 | 3 | 0 | 0 | 30 | 80 | 92.67 | 0 | 2 |
History - Other History | 0 | 3 | 1 | 2 | 25 | 127 | 135.33 | 0 | 1 |
Social Science | 0 | 2 | 0 | 0 | 20 | 89 | 94.50 | 0 | 0 |
Geography | 0 | 2 | 0 | 1 | 20 | 86 | 106.00 | 0 | 1 |
Mythology | 0 | 2 | 1 | 0 | 15 | 64 | 90.00 | 1 | 2 |
History - American History | 0 | 3 | 3 | 1 | 15 | 106 | 114.00 | 0 | 2 |
Pop Culture | 0 | 1 | 0 | 0 | 10 | 77 | 77.00 | 0 | 0 |
History - European History | 0 | 2 | 2 | 1 | 10 | 91 | 121.00 | 0 | 0 |
Fine Arts - Other Fine Arts | 0 | 2 | 2 | 1 | 10 | 108 | 120.00 | 0 | 0 |
Literature - British Literature | 0 | 1 | 0 | 0 | 10 | 139 | 139.00 | 0 | 0 |
Fine Arts - Painting and Sculpture | 0 | 1 | 0 | 0 | 10 | 104 | 104.00 | 0 | 0 |
Philosophy | 0 | 0 | 0 | 0 | 0 | 0.00 | 0 | 0 | |
Literature - European Literature | 0 | 0 | 0 | 0 | 0 | 0.00 | 0 | 0 | |
Science - Biology | 0 | 0 | 1 | 0 | -5 | 0.00 | 0 | 0 |